[Event "RUS-ch Youth U21 Girls 2017"]
[Site "Loo"]
[Date "2017.04.25"]
[Round "6"]
[White "Maltsevskaya, Aleksandra"]
[Black "Rodionova, Daria"]
[Result "0-1"]
[WhiteElo "2238"]
[BlackElo "2164"]
[Annotator "TA"]
[PlyCount "116"]
[EventDate "2017.??.??"]
[EventType "tourn"]
[EventCountry "RUS"]
[SourceTitle "playchess.com"]
[Source "ChessBase"]
[SourceQuality "1"]

{[%evp 9,116,20,33,8,35,26,52,57,55,16,56,15,22,22,32,23,37,20,24,22,22,21,33,19,36,37,37,-10,32,32,29,22,37,35,37,33,36,25,29,17,45,-15,0,0,6,0,2,7,11,-9,-6,-24,-24,-60,-60,-72,-42,-77,-66,-76,-39,-58,-62,-71,-65,-120,-77,-83,-42,-52,-46,-66,-77,-73,-72,-69,-54,-138,-148,-150,-141,-567,-503,-681,-274,-274,-274,-488,-488,-482,-360,-842,-810,-810,0,-753,-472,-29996,-1425,-1425,-317,-1081,-1053,-29982,-29983,-29983,-29984,-29984,-29985]} 1. e4 c5 2. Nf3 {[%cal Bg1f3,Bf3d4,Bd4f5][%mdl 32]} d6 3. d4 cxd4 4. Nxd4 Nf6 5. Nc3 a6 6. Qd3 {B90: Sicilian Najdorf: Unusual White 6th moves, 6 Be3 Ng4 and 6 Be3 e5} e5 7. Nf5 h6 $146 (7... Bxf5 8. exf5 d5 9. Bg5 d4 10. O-O-O Be7 11. Bxf6 Bxf6 12. Ne4 Qb6 13. g4 h6 {0-1 (48) Vallejo Pons,F (2698)-Wojtaszek,R (2715) Dubai 2014}) 8. Ne3 {White is slightly better.} Nbd7 9. Ned5 b5 10. g3 Nc5 11. Nxf6+ Qxf6 12. Qd1 Bb7 13. Bg2 (13. Nd5 $5 {seems wilder.} Qd8 14. Be3 Be7 15. Bg2 O-O 16. O-O) 13... Be7 14. Nd5 Bxd5 $1 15. Qxd5 O-O 16. Be3 Rac8 17. c3 {[%cal Bc2c3,Bc3c4][%mdl 32]} Qe6 18. Qd2 Qc4 19. b3 Qe6 ({Not} 19... Nd3+ $2 20. Ke2 Nf4+ 21. Kd1 (21. Kf3 {leads to mate.} Qxe4+ 22. Kxe4 f5+ 23. Kf3 e4+ 24. Kxf4 g5#) 21... Qxc3 22. Qxc3 Rxc3 23. gxf4 $18) 20. O-O Rc6 21. Rac1 Rfc8 22. c4 b4 23. Ra1 Rb8 24. Rfb1 Bd8 25. Qc2 (25. Qd5 $14 Qe8 26. Bxc5 Rxc5 27. Qxd6) 25... Bg5 26. Bxc5 Rxc5 27. a3 a5 28. axb4 Rxb4 29. Qc3 Bd8 {[%cal Bg5d8,Bd8b6,Bb6d4,Bd4b2][%mdl 32]} 30. Rd1 Bb6 31. Kh1 Rc6 32. Ra3 Qc8 33. f4 Bd4 34. Qf3 Rc5 35. Rf1 Qb7 {Strongly threatening ...Bb2.} 36. fxe5 dxe5 37. Rd1 (37. Bh3 $15) 37... Qb6 38. h4 Bb2 39. Rd7 Qf6 $1 40. Ra2 {[#] aiming for Qxf6.} Qxf3 41. Bxf3 Rxb3 42. Bd1 Rb4 43. Rd5 (43. Kg2 $15) 43... Rcxc4 $17 44. Rd8+ Kh7 45. Rxa5 $2 {[%mdl 8192]} (45. Rd7 $17 {is more resistant.}) 45... Rc1 {And now ...Bd4 would win.} 46. Rd3 Rxe4 (46... Rd4 $142 47. Rd5 Rxd5 48. Rxd5 Bd4) 47. Kg2 $19 Re1 48. Bb3 $2 (48. Ra2) 48... e4 49. Rd8 Rg1+ 50. Kh2 $2 (50. Kh3 Rcf1 51. Rb5 Rh1+ 52. Kg2 Rfg1+ 53. Kf2) 50... Rh1+ 51. Kg2 Rhg1+ 52. Kh2 $1 Rgf1 53. Re8 {[#]} (53. Kh3 $19 Rf2 54. Rd1 Rxd1 55. Bxd1) 53... Rf2+ (53... Rh1+ $142 54. Kg2 Rcg1+ 55. Kf2 Bd4+ 56. Ke2 Rh2#) 54. Kh3 Rh1+ 55. Kg4 g6 {Threatens to win with ...f5+.} 56. Bxf7 Rxf7 {Black mates.} 57. h5 gxh5+ 58. Rxh5 Rg7+ 0-1

[Event "RUS-ch Youth U21 Girls 2017"]
[Site "Loo"]
[Date "2017.04.25"]
[Round "6"]
[White "Styazhkina, Anna"]
[Black "Shuvalova, Polina"]
[Result "0-1"]
[WhiteElo "2222"]
[BlackElo "2376"]
[Annotator "TA"]
[PlyCount "102"]
[EventDate "2017.??.??"]
[EventType "tourn"]
[EventCountry "RUS"]
[SourceTitle "playchess.com"]
[Source "ChessBase"]
[SourceQuality "1"]

{[%evp 8,102,39,18,43,54,48,7,23,21,30,22,61,63,47,44,98,52,59,35,36,37,39,37,41,33,47,48,50,20,20,12,36,-31,18,21,16,16,20,20,30,-71,-70,-122,-38,-44,-29,-35,-15,-62,-66,-105,-91,-113,-79,-105,-39,-81,-8,-148,-53,-54,-47,-150,-112,-216,-212,-216,-223,-228,-220,-224,-210,-219,-175,-233,-229,-232,-227,-234,-234,-234,-234,-621,-528,-938,-912,-6644,-667,-664,-653,-29971,-29972,-29972,-29972,-29976,-29978]} 1. e4 c6 2. d4 d5 3. e5 Bf5 4. Be2 e6 5. Nf3 Bb4+ {B12: Caro-Kann: Advance Variation} (5... Ne7 6. O-O Ng6 7. Be3 Nd7 8. Ne1 h5 9. Nd2 Ndxe5 10. dxe5 d4 11. Nc4 dxe3 12. Nxe3 Nxe5 13. Nxf5 exf5 14. Nd3 {½-½ (52) Harikrishna,P (2766)-Rapport,R (2702) Wijk aan Zee 2017}) 6. c3 Ba5 7. b4 Bc7 {The position is equal.} 8. O-O $146 (8. a4 Ne7 9. Bg5 h6 10. Be3 Nd7 11. Na3 O-O 12. Qd2 a5 13. b5 {0-1 (57) Michailenko,G-Hayuchi,V Khanty-Mansiysk 2010}) 8... Nd7 9. Re1 f6 {[%cal Rf6e5]} 10. Bd3 Bxd3 11. Qxd3 f5 (11... fxe5 $14 12. dxe5 (12. Nxe5 Nxe5 13. dxe5 Ne7 $11) 12... Qe7) 12. Bg5 Ne7 13. Nbd2 (13. a4 $5 {seems wilder.} h6 14. Bc1 g5 15. h3 a6 16. Nbd2) 13... h6 14. Bxe7 Qxe7 15. a4 a5 16. b5 O-O 17. c4 dxc4 18. Qxc4 Nb6 19. Qc5 Nd5 20. Rac1 (20. bxc6 $14 bxc6 21. Qxc6) 20... Bb6 21. Qxe7 Nxe7 22. Nc4 Bc7 23. Nfd2 cxb5 24. axb5 (24. Na3 $1 $11 Rfc8 25. Nxb5) 24... a4 $17 25. Nd6 (25. Nb1 $15) 25... Nd5 (25... Ba5 $1 $17 {[%cal Ra5d2]} 26. Re2 Nd5) 26. N2c4 $1 $15 (26. Nxb7 $2 Rfb8 27. Nd6 Ba5 $17) 26... Rfb8 27. Re2 Ba5 28. Ra2 Bb4 29. Ne3 {next Nxd5 is good for White.} Nc3 $1 {[%cal Rc3a2]} 30. Rac2 a3 31. Ra1 a2 (31... f4 $17 32. Nec4 a2) 32. Nec4 b6 (32... g5 $17 33. g3 f4 34. gxf4 gxf4) 33. Nb2 (33. g3 $11) 33... Bxd6 ({Better is} 33... Ra3 $1 $17 {[%cal Ra3b3] White must now prevent ...Rb3.} 34. h3 Rb3) 34. Rxc3 Bf8 35. Nd3 ({White should play} 35. g3 $15) 35... Ra4 $36 {[%mdl 2048] Black is in control.} 36. Rc2 (36. g3 $17) 36... Rxd4 $19 37. Ne1 {[#]} Ra8 $1 {And now ...Bb4 would win.} 38. Kf1 Rda4 39. Nd3 R8a5 40. Rb2 Rd4 41. Ne1 {[#]} (41. Ke2 $142) 41... Bb4 $1 {[%cal Rb4c3]} 42. Rbxa2 Rxa2 ({But not} 42... Rxb5 43. g3 $17 (43. Ra8+ Kh7 44. Rb1 Ra5 $17)) 43. Rxa2 {[%mdl 4096] Endgame KRB-KRN} Rd1 {[%csl Gb4][%cal Rd1e1]} 44. Re2 f4 45. f3 $2 (45. Re4 Bc3 46. f3) 45... Kf7 46. g4 fxg3 47. hxg3 Kg6 (47... Rxe1+ $142 48. Rxe1 Bxe1 49. Kxe1 Kg6) 48. Kf2 Bxe1+ 49. Rxe1 Rxe1 {Black mates.} 50. Kxe1 Kf5 51. f4 g5 0-1

[Event "RUS-ch Youth U21 Girls 2017"]
[Site "Loo"]
[Date "2017.04.26"]
[Round "7"]
[White "Shuvalova, Polina"]
[Black "Dordzhieva, Dinara"]
[Result "1-0"]
[WhiteElo "2376"]
[BlackElo "2277"]
[Annotator "NA"]
[PlyCount "81"]
[EventDate "2017.??.??"]
[EventType "tourn"]
[EventCountry "RUS"]
[SourceTitle "playchess.com"]
[Source "ChessBase"]
[SourceQuality "1"]
[TimeControl "40/5400+30:1800+30"]

1. d4 {[%emt 0:00:00]} Nf6 {[%emt 0:01:24]} 2. c4 {[%emt 0:00:00]} e6 {[%emt 0:00:28]} 3. g3 {[%emt 0:00:00]} d5 {[%emt 0:00:08]} 4. Nf3 {[%emt 0:00:00]} dxc4 {[%emt 0:00:50]} 5. Bg2 {[%emt 0:00:00]} a6 {[%emt 0:00:06]} 6. Ne5 {[%emt 0:00:00]} Bb4+ {[%emt 0:00:24] E04: Open Catalan: 5 Nf3} (6... c5 7. Be3 Nd5 8. Nc3 Nxe3 9. fxe3 Nd7 10. Nxc4 Be7 11. O-O O-O 12. a4 Nb6 13. Nxb6 Qxb6 14. a5 Qc7 15. Na4 cxd4 {0-1 (47) Nguyen,N (2649)-Wang,H (2717) Ho Chi Minh City 2016}) 7. Nc3 {[%emt 0:00:10]} Nd5 {[%emt 0:00:12]} 8. Bd2 {[%emt 0:00:09]} Nb6 {[%emt 0:00:06]} 9. e3 {[%emt 0:00:25]} N8d7 {[%emt 0:00:47]} 10. Nxd7 {[%emt 0:00:03]} Qxd7 {[%emt 0:00:05]} 11. Ne4 {[%emt 0:00:26]} Bxd2+ {[%emt 0:05:19]} 12. Nxd2 {[%emt 0:08:22]} O-O {[%emt 0:03:49]} 13. Qc2 {[%emt 0:01:37]} e5 {[%emt 0:23:35]} 14. dxe5 {[%emt 0:00:57] [#]} Rd8 $146 {[%emt 0:05:22]} 15. Be4 {[%emt 0:13:35]} g6 {[%emt 0:01:06]} 16. h4 {[%emt 0:01:40]} Qe7 {[%emt 0:10:20]} 17. f4 {[%emt 0:05:16]} h5 {[%emt 0:03:13]} (17... Bf5 $11) 18. Kf2 {[%emt 0:03:54]} c6 {[%emt 0:07:16]} 19. Rhd1 {[%emt 0:11:54]} Bg4 {[%emt 0:03:18]} 20. Nf3 {[%emt 0:00:15]} Kg7 {[%emt 0:10:00]} 21. Qc3 {[%emt 0:12:21]} (21. Rac1 $11 {remains equal.}) 21... Kg8 {[%emt 0:00:25]} 22. Rd4 {[%emt 0:04:46]} a5 {[%emt 0:09:10]} 23. Rad1 {[%emt 0:04:23]} Na4 $1 {[%emt 0:02:17]} 24. Qc2 {[%emt 0:14:37]} Bxf3 $2 {[%emt 0:00:19]} (24... Nc5 $1 $14) 25. Bxf3 {[%emt 0:02:20]} Rxd4 {[%emt 0:00:23]} 26. Rxd4 {[%emt 0:02:31]} Qb4 {[%emt 0:00:35]} 27. Rxc4 {[%emt 0:06:21]} Qxb2 {[%emt 0:00:06]} 28. Qxb2 {[%emt 0:00:11]} Nxb2 {[%emt 0:00:05]} 29. Rd4 {[%emt 0:00:04]} a4 {[%emt 0:01:52]} 30. a3 {[%emt 0:02:28]} Ra5 {[%emt 0:09:10]} 31. Be2 {[%emt 0:02:33]} Rd5 {[%emt 0:01:13]} 32. Ke1 {[%emt 0:00:25]} Rc5 {[%emt 0:02:27]} 33. Kd2 {[%emt 0:00:50]} b5 {[%emt 0:00:26]} 34. Rb4 {[%emt 0:00:56]} Nc4+ {[%emt 0:00:35]} 35. Bxc4 {[%emt 0:00:04]} bxc4 {[%emt 0:00:03]} 36. e4 {[%emt 0:01:48]} Ra5 {[%emt 0:00:45]} 37. Rxc4 {[%emt 0:00:33]} c5 {[%emt 0:00:02]} 38. Kd3 {[%emt 0:00:55]} Kf8 {[%emt 0:00:24]} 39. Rc3 {[%emt 0:00:13]} Ke7 {[%emt 0:00:59]} 40. Kc4 {[%emt 0:00:00]} Kd7 {[%emt 0:00:49]} 41. Rd3+ $18 {[%emt 0:03:41]} 1-0

[Event "RUS-ch Youth U21 Girls 2017"]
[Site "Loo"]
[Date "2017.04.26"]
[Round "7"]
[White "Dimitrova, Aleksandra"]
[Black "Obolentseva, Alexandra"]
[Result "0-1"]
[WhiteElo "2246"]
[BlackElo "2346"]
[Annotator "NA"]
[PlyCount "70"]
[EventDate "2017.??.??"]
[EventType "tourn"]
[EventCountry "RUS"]
[SourceTitle "playchess.com"]
[Source "ChessBase"]
[SourceQuality "1"]
[TimeControl "40/5400+30:1800+30"]

{[%evp 8,67,20,8,24,32767,32767,32767,32767,32767,32767,32767,32767,32767,32767,32767,-24,32767,-77,-77,-66,-64,-64,-67,-64,-85,32767,-66,-70,32767,32767,32767,-83,32767,-142,32767,32767,-195,-158,32767,-161,-270,-269,-276,-304,-307,32767,-301,-297,-314,-235,-326,-332,-374,-375,-374,32767,32767,-475,-450,-375,-435]} 1. e4 {[%emt 0:00:00]} c5 {[%emt 0:00:05]} 2. Nf3 {[%emt 0:00:00]} d6 {[%emt 0:00:07]} 3. Bb5+ {[%emt 0:00:00]} Nd7 {[%emt 0:00:07]} 4. d4 {[%emt 0:00:00]} cxd4 {[%emt 0:00:05]} 5. Qxd4 {[%emt 0:00:00] LiveBook: 1059 Partien} Ngf6 {[%emt 0:00:07]} 6. Nc3 {[%emt 0:01:21]} g6 {[%emt 0:01:00]} 7. Bg5 {[%emt 0:07:12] B51: Sicilian: Moscow Variation (3 Bb5+) without 3...Bd7} (7. e5 dxe5 8. Nxe5 Bg7 9. O-O O-O 10. Rd1 Qb6 11. Nxd7 Nxd7 12. Qxb6 Nxb6 13. Bg5 Be6 14. Bxe7 {½-½ (14) Zvjaginsev,V (2659)-Mamedov,R (2637) Khanty-Mansiysk 2013}) 7... Bg7 {[%emt 0:00:12]} 8. O-O {[%emt 0:00:32]} O-O {[%emt 0:00:11]} 9. Qd2 {[%emt 0:00:55]} a6 {[%emt 0:00:28]} 10. Bd3 $146 {[%emt 0:01:55]} (10. Bxd7 Bxd7 11. Bh6 Rc8 12. Bxg7 Kxg7 13. Rfe1 Be6 14. Nd4 Qb6 {0-1 (31) Raaste,E-Fedder,S (2315) Teeside 1974}) 10... b5 {[%emt 0:02:11]} 11. Rfe1 {[%emt 0:05:25]} Bb7 {[%emt 0:00:56]} 12. a4 {[%emt 0:06:34]} b4 {[%emt 0:02:04]} 13. Nd5 {[%emt 0:01:31]} Nxd5 {[%emt 0:03:45]} 14. exd5 {[%emt 0:00:08]} Re8 {[%emt 0:05:59]} ({Stronger than} 14... Bxb2 15. Bxe7 (15. Qxb4 Bxa1 16. Bxe7 Qc8 17. Rxa1 Re8 18. Qxd6 Bxd5 $17) 15... Qc8 16. Rab1 $16 (16. Bxd6 Bxa1 17. Rxa1 Re8 $15) (16. Bxf8 Bc3 17. Qf4 Qxf8 $11)) 15. Qxb4 {[%emt 0:15:49]} Bxd5 {[%emt 0:01:26]} 16. Rad1 {[%emt 0:08:18]} Bxf3 {[%emt 0:12:05]} 17. gxf3 {[%emt 0:00:07]} Ne5 {[%emt 0:00:38]} 18. Qe4 {[%emt 0:02:58]} d5 {[%emt 0:10:30]} 19. Qe2 {[%emt 0:01:55]} Qd7 {[%emt 0:01:33]} 20. f4 {[%emt 0:05:37]} Nxd3 {[%emt 0:02:09]} 21. Rxd3 {[%emt 0:03:28]} h6 {[%emt 0:03:01]} 22. Bh4 {[%emt 0:02:27]} Qxa4 {[%emt 0:01:40]} 23. Rxd5 {[%emt 0:01:48]} Bxb2 {[%emt 0:03:17]} 24. c4 {[%emt 0:04:56]} (24. Qe4 $17 Qxe4 25. Rxe4) 24... Bf6 {[%emt 0:01:24]} 25. Bg3 {[%emt 0:01:55]} e6 {[%emt 0:01:47]} 26. Rdd1 {[%emt 0:01:46]} Bc3 {[%emt 0:00:27]} 27. Rf1 {[%emt 0:01:14]} Rac8 {[%emt 0:01:03]} 28. Rc1 {[%emt 0:01:56]} Qxc4 {[%emt 0:03:10]} 29. Qf3 {[%emt 0:01:15]} Qb4 {[%emt 0:02:05]} 30. f5 {[%emt 0:03:10]} exf5 {[%emt 0:00:52]} 31. Bd6 {[%emt 0:01:00]} Qxd6 {[%emt 0:00:11]} 32. Rxc3 {[%emt 0:00:04]} Rxc3 {[%emt 0:01:12]} 33. Qxc3 {[%emt 0:00:04]} Qe5 {[%emt 0:01:01]} 34. Qc6 $19 {[%emt 0:01:35]} Qe4 {[%emt 0:01:48]} 35. Qc3 {[%emt 0:01:24]} f4 {[%emt 0:01:33]} 0-1

[Event "RUS-ch Youth U21 Girls 2017"]
[Site "Loo"]
[Date "2017.04.26"]
[Round "7"]
[White "Bykova, Anastasia"]
[Black "Chernyak, Viktoria"]
[Result "1-0"]
[WhiteElo "2241"]
[BlackElo "2241"]
[Annotator "TA"]
[PlyCount "137"]
[EventDate "2017.??.??"]
[EventType "tourn"]
[EventCountry "RUS"]
[SourceTitle "playchess.com"]
[Source "ChessBase"]
[SourceQuality "1"]

{[%evp 17,137,51,55,20,20,18,33,15,25,0,13,25,25,16,20,-44,-47,-39,-10,-12,53,69,74,10,10,10,10,10,10,10,10,10,13,17,4,0,23,23,22,16,45,0,0,-24,-14,-22,14,0,0,0,1,0,102,103,211,216,303,323,279,130,132,131,207,207,300,294,272,186,163,164,141,158,528,143,183,180,374,422,435,149,371,363,1146,1086,1141,1183,1175,1114,1089,1063,955,246,220,262,311,160,103,51,54,96,84,0,87,0,323,124,774,764,8010,731,6432,6420,6092,5662,2871,2200,29979,29980,29972,5426,29978,29979]} 1. d4 d5 {[%cal Bd7d5,Bd5c4][%mdl 32]} 2. Nf3 Nf6 3. c4 e6 4. g3 dxc4 5. Bg2 a6 6. O-O Nc6 7. e3 Rb8 8. Nfd2 Be7 9. Nxc4 O-O 10. a4 $146 {E04: Open Catalan: 5 Nf3} (10. b3 Na7 11. a4 b6 12. Nc3 c5 13. Qe2 Bb7 14. Rd1 Bxg2 15. Kxg2 cxd4 16. Rxd4 Qc7 17. Bb2 Rfd8 18. Rxd8+ Rxd8 {½-½ (84) Ortega,M (2465)-Chernyak,V (2186) Barcelona 2016}) 10... Qd7 11. Nc3 b6 12. b3 {White is slightly better.} Bb7 13. Bb2 Rfd8 $1 14. Qe2 Qe8 15. Rfd1 Na5 16. Nd2 ({White should play} 16. Ba3 $11) 16... Bxg2 $15 17. Kxg2 Bb4 {Strongly threatening ...Bxc3.} 18. Rac1 e5 (18... c5 $11) 19. dxe5 (19. Qxa6 $2 exd4 20. exd4 b5 $19) 19... Qxe5 20. Nc4 (20. Qxa6 $6 Qe6 $11) (20. Na2 $16 Qxb2 21. Nxb4) 20... Qe6 $11 21. Nxa5 Bxa5 22. Qxa6 Qxb3 23. Rxd8+ Rxd8 24. Rd1 Re8 25. Qb5 Qe6 $1 $132 {[%mdl 2048] Black is not keeping still (5)} 26. Nd5 c6 27. Nxf6+ Qxf6 (27... gxf6 $6 28. Qh5 $16) 28. Qb3 Qf5 29. Rd4 h6 30. Qc4 c5 31. Rg4 g6 32. Rh4 h5 $1 33. Rf4 Qe6 34. Qd3 Qe7 (34... Qc6+ $11 {remains equal.} 35. Kg1 f5) 35. Qd5 $1 $16 Qe6 (35... Rd8 $16 36. Rxf7 Rxd5 37. Rxe7 Kf8) 36. Qg5 $1 $18 {[%cal Rg5h6] Hoping for Qh6.} Kf8 (36... Re7 {keeps fighting.} 37. Qh6 f5) 37. Bf6 {Intending Qh6+ and mate.} Rc8 (37... Qc6+ $2 38. f3 Rxe3 39. Qh6+ Ke8 40. Qh8+ Kd7 41. Qd8+ Ke6 42. Qe7+ Kd5 43. Qxe3 $18) 38. f3 (38. Qh6+ $18 {and the rest is easy.} Ke8 39. Qg7) 38... Qa2+ $16 39. Kh3 $1 {White threatens Re4 and mate.} Qe6+ (39... Ke8 $16 {might work better.}) 40. Kh4 $1 $18 Qa2 (40... Qd6 $142 41. Qh6+ Ke8 42. Re4+ Kd7 43. Re7+ Qxe7 44. Bxe7 Kxe7) 41. Qh6+ Ke8 42. Re4+ Kd7 43. Re7+ Kc6 44. Qf4 Bb4 $2 (44... Qc2 $16 {is a better chance.} 45. Rxf7 b5) 45. Kg5 $2 (45. Be5 $18 {is the precise move to win. White wants to mate with Qf6+.} Qxa4 46. Qc4 (46. Qxf7 Kb5 $16)) 45... Qxa4 46. Qc4 $1 {[%cal Rc4d3]} (46. Rxf7 $6 Kb5 $14) 46... Qd1 $2 {[#]} (46... Ra8) 47. Qa6 $1 {[%cal Ra6c8]} (47. Rxf7 Qd5+ 48. Qxd5+ Kxd5 $11) 47... Rd8 48. e4 $2 (48. Rxf7 Qd5+ 49. Kxg6 Qd3+ 50. Qxd3 Rxd3 $11) (48. Be5 $18) 48... Bd2+ $2 (48... Qxf3 $16 49. Qa4+ Kd6 50. e5+ Kd5) 49. f4 h4 $2 (49... Qg4+ 50. Kh6 Qc8) 50. Be5 {[%csl Ge5][%cal Re7c7]} Qh5+ 51. Kf6 {[%csl Ge5][%cal Re7c7]} Qh8+ 52. Kxf7 {[%csl Ge5][%cal Re7c7]} Qf8+ 53. Ke6 {[%csl Ge5][%cal Re7c7]} Qg8+ 54. Rf7 $2 (54. Kf6 {[%csl Ge5][%cal Re7c7]} Qf8+ 55. Rf7 Rd6+ 56. Bxd6 Qxd6+ 57. Kg7 Bc3+ 58. e5 Bxe5+ 59. fxe5 Qxe5+ 60. Rf6+ Kd5 61. Kf7) 54... Ba5 {aiming for ...Rd7.} 55. Kf6 {[%csl Ge5][%cal Rf7c7]} Rf8 56. Rxf8 ({Only move:} 56. Qb7+ $18 Kb5 57. Qd7+ (57. gxh4 Be1 58. Ke6 Re8+ 59. Kd5 Rf8 $11) 57... Kb4 58. Rxf8 (58. gxh4 Rd8 59. Qg4 Rc8 $16) 58... Qxf8+ 59. Kxg6) 56... Qxf8+ $16 57. Kxg6 ({White should try} 57. Kg5 $16) 57... hxg3 58. hxg3 {Black must now prevent Qc4.} Qg8+ 59. Bg7 (59. Kh5 $16) 59... c4 {[#]} (59... Qe8+ $11 {keeps the balance.} 60. Kg5 Qg8) 60. f5 (60. e5 $1 $16) 60... Qe8+ $4 {[%mdl 8192]} (60... Bc3 $1 $11 61. Qa7 (61. f6 Qe8+ 62. Kg5 Bd2+ 63. Kf5 Qd7+ 64. Ke5 Bc3+ 65. Kf4 Bd2+ 66. Ke5 Qd6+ 67. Kf5 Qd7+ 68. Kg6 Qe8+ 69. Kf5 Qd7+ $11) 61... b5) 61. Kh7 $18 (61. Kh6 Kc5 $18) 61... Kc5 $2 {[%mdl 8192]} (61... Qh5+ $16 62. Kg8 Qe8+ 63. Kh7 (63. Bf8 c3 $16) 63... Qh5+ 64. Kg8 Qe8+ 65. Bf8 c3) 62. Qb7 Be1 63. Qc7+ (63. Qd5+ $142 Kb4 64. f6) 63... Kb5 64. Qe5+ Qxe5 65. Bxe5 c3 66. g4 {[%cal Bg3g4,Bg4g5][%mdl 32]} Kc6 67. g5 c2 68. Bf4 (68. Bb2 $142 Bg3 69. g6 b5 70. g7 Be5 71. Bc1 Bxg7 72. Kxg7 Kd6 73. f6) 68... Bg3 69. Bc1 1-0

[Event "RUS-ch Youth U21 Girls 2017"]
[Site "Loo"]
[Date "2017.04.26"]
[Round "7"]
[White "Khokhlova, Daria"]
[Black "Maltsevskaya, Aleksandra"]
[Result "1-0"]
[WhiteElo "2175"]
[BlackElo "2238"]
[Annotator "NA"]
[PlyCount "73"]
[EventDate "2017.??.??"]
[EventType "tourn"]
[EventCountry "RUS"]
[SourceTitle "playchess.com"]
[Source "ChessBase"]
[SourceQuality "1"]
[TimeControl "40/5400+30:1800+30"]

1. d4 {[%emt 0:00:00]} Nf6 {[%emt 0:00:09]} 2. c4 {[%emt 0:00:00]} c5 {[%emt 0:00:08]} 3. d5 {[%emt 0:00:00]} b5 {[%emt 0:00:05]} 4. cxb5 {[%emt 0:00:12]} a6 {[%emt 0:00:07]} 5. bxa6 {[%emt 0:00:02]} g6 {[%emt 0:00:06]} 6. Nc3 {[%emt 0:00:03]} Bg7 {[%emt 0:00:06]} 7. g3 {[%emt 0:00:02]} Bxa6 {[%emt 0:00:51]} 8. Bg2 {[%emt 0:00:05]} d6 {[%emt 0:00:05]} 9. Nf3 {[%emt 0:00:02]} Nbd7 {[%emt 0:00:06]} 10. Rb1 {[%emt 0:00:03]} Qa5 {[%emt 0:00:07]} 11. Bd2 {[%emt 0:02:38]} O-O {[%emt 0:01:39]} 12. O-O {[%emt 0:00:05]} Bb7 {[%emt 0:00:03] A58: Benko/Volga Gambit: Lines with 5 bxa6} 13. Ne1 {[%emt 0:26:13] LiveBook: 3 Games} Qa7 {[%emt 0:05:00]} 14. Nc2 {[%emt 0:09:11]} Nb6 {[%emt 0:14:19]} 15. Ne3 {[%emt 0:02:01]} Nfd7 {[%emt 0:01:59]} 16. b3 {[%emt 0:04:48] [#]} Ba6 $146 {[%emt 0:10:34]} (16... Qa3 17. Qc2 Ba6 18. Rfc1 Bb7 19. Qd1 Rfc8 20. h4 {1-0 (45) Meier,G (2655)-Markowski,T (2567) Legnica 2013}) 17. a4 {[%emt 0:02:23]} Rfb8 {[%emt 0:02:11]} 18. Re1 {[%emt 0:02:32]} Ne5 {[%emt 0:13:23]} 19. h3 {[%emt 0:03:31]} f5 {[%emt 0:08:47]} 20. Nc2 {[%emt 0:03:34]} Bc8 {[%emt 0:04:42]} 21. Nb5 {[%emt 0:03:16]} Qd7 {[%emt 0:04:36]} 22. f4 {[%emt 0:03:31]} Nf7 {[%emt 0:00:11]} 23. Bc3 {[%emt 0:03:34]} Bf6 {[%emt 0:13:41]} 24. Nca3 {[%emt 0:04:41]} Ba6 {[%emt 0:02:35]} 25. Bxf6 {[%emt 0:02:50]} exf6 {[%emt 0:00:05]} 26. Nc3 {[%emt 0:00:13]} c4 $2 {[%emt 0:04:36]} (26... Re8 $16 27. Qd2 Qa7) 27. a5 {[%emt 0:05:16]} Nc8 {[%emt 0:00:56]} 28. b4 {[%emt 0:00:31]} Na7 {[%emt 0:06:02]} 29. Qd4 {[%emt 0:00:34]} Rb7 $18 {[%emt 0:03:08]} 30. Nxc4 {[%emt 0:03:28]} Bxc4 {[%emt 0:00:22]} 31. Qxc4 {[%emt 0:00:01]} Rc8 {[%emt 0:00:07]} 32. Qd4 {[%emt 0:05:21]} Nb5 {[%emt 0:02:57]} 33. Nxb5 {[%emt 0:00:06]} Qxb5 {[%emt 0:00:05]} 34. e3 {[%emt 0:02:45]} Qa4 {[%emt 0:02:18]} 35. Bf1 {[%emt 0:02:52]} Rcb8 {[%emt 0:00:39]} 36. a6 {[%emt 0:02:41]} Rxb4 {[%emt 0:00:05]} 37. a7 {[%emt 0:00:45]} 1-0